Le veau dans l'histoire (et dans les histoires) - Statistiques

Statistiques générales
  • Ce quiz a été pris 681 fois
  • Le résultat moyen est 6 sur 15
Statistiques - réponses
Indice Personnage % Correct
La tête de veau est le plat préféré de cet ex-président français Jacques Chirac
88%
Il l'a transformée en génisse, puis s'est lui-même transformé en taureau... Zeus
75%
Le veau Marengo, ainsi nommé en raison de la victoire militaire de notre personnage dans cette localité italienne. Napoléon Bonaparte
72%
Il a un jour déclaré "les Français sont des veaux" Charles de Gaulle
66%
Les clubs de la "Tête de veau" commémorent l'exécution de ce roi Louis XVI
62%
Est entré dans une grande colère à cause d'un veau en or Moïse
47%
Elle s'est retrouvée génisse pour échapper à la jalousie d'Héra Io
46%
"Adieu veau, vache, cochon, couvée", nous dit ce poète Jean de La Fontaine
44%
"Paulette, la reine des paupiettes", a été chantée par ce groupe humoristique les Charlots
31%
Cet ambassadeur de Russie en France a donné son nom à une recette de rôti de veau Orloff
30%
Les cuisseaux de veau et les cuissots de chevreuil sont des pièges de la célèbre dictée de cet auteur Prosper Mérimée
27%
Quand il a réalisé son portrait chinois, cet homme politique français a déclaré que "s'il était un plat, il serait une blanquette de veau" Emmanuel Macron
18%
Pour lui, on a tué le veau gras Le fils prodigue
16%
"Le veau" : ouvrage d'un récent prix Nobel de littérature chinois Mo Yan
3%
Ce sculpteur contemporain a réalisé une statue du veau d'or Damien Hirst
2%
Aucun quiz correspondant
Distribution des résultats
% des personnes avec chaque résultat
Percentile par nombre de réponses
Votre historique - résultats
Vous n’avez pas pris ce quiz